zpět

Detail výsledku týmu

Eden, Heřmanův Městec

Datum a čas kvízu

27.5 Celkem bodů Celkový počet nahraných bodů na tomto kvízu bez doplňovacích otázek.
7. Pořadí na kvízu Konečné umístění týmu na tomto kvízu.

Zaznamenané odpovědi

# Otázka Odpověď Body Výsledky
1. Nejvyšší správní soud minulý t... Děti Země 1
2. Buckinghamský palác odhalil v... D) motýl 1
3. Jeden z 28 evropských koncertů... Thirty Seconds to Mars (30 Seconds to Mars) 1
4. Bývalá manželka Billa Gatese M... Gatesova nadace 0
5. V sobotu se v Rijádu konal dlo... Tyson Fury, Oleksandr Usyk 0
6. Bájného českého knížete Kroka,... Krakov 1
7. K Janu Žižkovi se váže jistá p... C 1
8. Před kněžnou Libuší stanuli dv... A 1
9. Václav Podbrdský byl kameník,... A 1
10. Pokud dokážete určit, co tento... Stadice 1